<?xml version="1.0" encoding="UTF-8"?>
<record
    xmlns:xsi="http://www.w3.org/2001/XMLSchema-instance"
    xsi:schemaLocation="http://www.loc.gov/MARC21/slim http://www.loc.gov/standards/marcxml/schema/MARC21slim.xsd"
    xmlns="http://www.loc.gov/MARC21/slim">

  <leader>00638nam a2200181Ia 4500</leader>
  <controlfield tag="008">090124s9999    xx            000 0 und d</controlfield>
  <datafield tag="082" ind1=" " ind2=" ">
    <subfield code="b">28362</subfield>
    <subfield code="a">7117</subfield>
  </datafield>
  <datafield tag="100" ind1=" " ind2=" ">
    <subfield code="a">&#x915;&#x93E;&#x933;&#x947; &#x935;.&#x92A;&#x941;. (&#x935;&#x938;&#x902;&#x924; &#x92A;&#x941;&#x930;&#x941;&#x937;&#x94B;&#x924;&#x94D;&#x924;&#x92E;)</subfield>
  </datafield>
  <datafield tag="245" ind1=" " ind2=" ">
    <subfield code="a"> &#x939;&#x940; &#x935;&#x93E;&#x91F; &#x90F;&#x915;&#x91F;&#x940;&#x91A;&#x940;</subfield>
  </datafield>
  <datafield tag="250" ind1=" " ind2=" ">
    <subfield code="a">6</subfield>
  </datafield>
  <datafield tag="260" ind1=" " ind2=" ">
    <subfield code="c">1994</subfield>
  </datafield>
  <datafield tag="300" ind1=" " ind2=" ">
    <subfield code="a">164</subfield>
  </datafield>
  <datafield tag="600" ind1=" " ind2=" ">
    <subfield code="a">&#x915;&#x93E;&#x933;&#x947; &#x935;.&#x92A;&#x941;. (&#x935;&#x938;&#x902;&#x924; &#x92A;&#x941;&#x930;&#x941;&#x937;&#x94B;&#x924;&#x94D;&#x924;&#x92E;)</subfield>
  </datafield>
  <datafield tag="630" ind1=" " ind2=" ">
    <subfield code="a"> &#x939;&#x940; &#x935;&#x93E;&#x91F; &#x90F;&#x915;&#x91F;&#x940;&#x91A;&#x940;</subfield>
  </datafield>
  <datafield tag="700" ind1=" " ind2=" ">
    <subfield code="a">&#x915;&#x93E;&#x933;&#x947; &#x935;.&#x92A;&#x941;. (&#x935;&#x938;&#x902;&#x924; &#x92A;&#x941;&#x930;&#x941;&#x937;&#x94B;&#x924;&#x94D;&#x924;&#x92E;)</subfield>
  </datafield>
  <datafield tag="730" ind1=" " ind2=" ">
    <subfield code="a"> &#x939;&#x940; &#x935;&#x93E;&#x91F; &#x90F;&#x915;&#x91F;&#x940;&#x91A;&#x940;</subfield>
  </datafield>
  <datafield tag="942" ind1=" " ind2=" ">
    <subfield code="c">BOOK</subfield>
  </datafield>
  <datafield tag="999" ind1=" " ind2=" ">
    <subfield code="c">141824</subfield>
    <subfield code="d">141824</subfield>
  </datafield>
  <datafield tag="952" ind1=" " ind2=" ">
    <subfield code="0">0</subfield>
    <subfield code="1">0</subfield>
    <subfield code="4">0</subfield>
    <subfield code="7">0</subfield>
    <subfield code="a">THNMGS</subfield>
    <subfield code="b">THNMGS</subfield>
    <subfield code="d">0000-00-00</subfield>
    <subfield code="g">85.00</subfield>
    <subfield code="l">0</subfield>
    <subfield code="o">28362</subfield>
    <subfield code="p">THNMGS-28362</subfield>
    <subfield code="r">2009-01-24 00:00:00</subfield>
    <subfield code="v">85.00</subfield>
    <subfield code="w">2009-01-24</subfield>
    <subfield code="y">BOOK</subfield>
  </datafield>
</record>
